| 000 | 00740nam a2200169 i 4500 | ||
|---|---|---|---|
| 001 | 42454 | ||
| 003 | ES-MaACL | ||
| 005 | 20230906160621.0 | ||
| 007 | t| | ||
| 008 | 030328s1950 cu ||||1| spa d | ||
| 100 | 1 |
_aCortina, José Manuel. _940941 |
|
| 245 | 1 | 0 |
_aNestor Leonelo Carbonell _b: discurso / _cpronunciado por el Dr. José Manuel Cortina el 22 de mayo de 1950 en los salones de la Asociación Nacional de Emigrados Revolucionarios Cubanos, con motivo de conmemorarse el natalicio de Néstor Leonelo Carbonell. |
| 260 |
_aLa Habana : _b[s.n., _c1950] ( _fTalls. Tip. de Editorial Lex) |
||
| 300 |
_a16 p. : _b1 retr. ; _c24 cm. |
||
| 600 | 1 | 4 |
_aCarbonell Figueroa, Néstor Leonelo. _935060 |
| 852 |
_aES-MaACL _j1933-F-11 _bR.32344 |
||
| 999 |
_c42454 _d42454 |
||